| 000 | 00504nam a2200205Ia 4500 | ||
|---|---|---|---|
| 003 | OSt | ||
| 005 | 20140311163110.0 | ||
| 008 | 140130s9999 xx 000 0 und d | ||
| 020 | _a0439221153 | ||
| 050 |
_aPZ 7 _b.P38448Fe 2001 |
||
| 100 |
_aPenn, Audrey _930829 |
||
| 245 |
_aFeathers and fur / _cPenn, Audrey |
||
| 260 |
_bScholastic, _c2001. _aNew York : |
||
| 300 |
_bcol. ill. ; _c24 cm. |
||
| 440 |
_v1 _930830 |
||
| 521 | _aG3 | ||
| 526 | _c500 | ||
| 942 |
_cBK-SCHOLAS _2lcc |
||
| 999 |
_c40531 _d40531 |
||